| 000 | 00431pab a2200145 454500 | ||
|---|---|---|---|
| 008 | 180718b1988 xxu||||| |||| 00| 0 eng d | ||
| 100 | _anesslein, Thomas S. | ||
| 245 |
_aHousing in the welfare state _bHave government intervention raised housing investment and lowered housing costs? |
||
| 260 | _c1988 | ||
| 300 | _a295-314 | ||
| 362 | _aDec. | ||
| 650 | _aHousing - Costs | ||
| 773 | _aUrban Affairs Quarterly | ||
| 909 | _a10135 | ||
| 999 |
_c10135 _d10135 |
||